000
00308nam a2200133Ia 4500
008
230818s2010 xx 000 0 und d
041
_a
eng
100
_a
ramsay
245
_a
Gorden ramsay chefs secrets
260
_b
Quantum pub
_c
2010
300
_a
223p
520
_a
General
999
_c
853074
_d
853074
650
_a
Food Production